Makroekonomický vývoj SR v medzinárodnom kontexte bakalárska práca

Saved in:
Bibliographic Details
Main Author: Sarker, Mishuk
Corporate Author: Národohospodárska fakulta EU. Katedra hospodárskej politiky
Other Authors: Fifeková, Elena
Format: Book
Language:Slovak
Published: Bratislava 2014
Tags: Add Tag
No Tags, Be the first to tag this record!

MARC

LEADER 00000nbm a2200000 4500
001 0189421
005 20170201085419.6
041 0 |a slo 
044 |a SK 
245 1 0 |a Makroekonomický vývoj SR v medzinárodnom kontexte  |b bakalárska práca  |c Mishuk Sarker ; školiteľ: Elena Fifeková 
264 1 |a Bratislava  |c 2014 
300 |a 40 s. 
100 1 |a Sarker, Mishuk 
700 1 |a Fifeková, Elena 
710 2 |a Národohospodárska fakulta EU. Katedra hospodárskej politiky